000 00986cab a2200277 4500
001 WB3303-10
008 090401t1997 xxu||||| |||| 00| 0 eng d
035 _a(Sirsi) u26381
041 _aeng
245 _aDocklands booming
260 _c1997
350 _a0
490 _aSunday Business
_v12 January 1997, 11(3)
520 _aStatistics from the LDDC show that the level of letting in the Docklands in 1996 reached its highest peak since 1987. The boom in the area is being aided by plans to build the University of East London`s Docklands campus at the Royal Docks.
650 _aLONDON DOCKLANDS DEVELOPMENT CORPORATION
650 _aLONDON DOCKLANDS
650 _aPROPERTY-COMMERCIAL PROPERTY-OFFICE PROPERTY-OFFICE PROPERTY MARKET
650 _aOFFICE SPACE
650 _aPROSPECTS
650 _aROYAL DOCKS
650 _aUNIVERSITY OF EAST LONDON
690 _aPROPERTY-COMMERCIAL PROPERTY
690 _aURBAN RENEWAL
942 _n0
948 _c04/03/1997
999 _c17718
_d17718